[Event "Mistrovstvi CR senioru 2016 nad 50 let"]
[Site "Pelclovo divadlo Rychnov nad K"]
[Date "2016.08.27"]
[Round "8.8"]
[White "Privoznik, Lubos"]
[Black "Papacek, Milos"]
[Result "0-1"]
[WhiteElo "1640"]
[BlackElo "1752"]
[PlyCount "118"]
[EventDate "2016.08.20"]

1. e4 e5 2. Nf3 Nc6 3. Bc4 Nf6 4. d3 Bc5 5. O-O d6 6. h3 h6 7. c3 a6 8. Bb3 Ba7
9. Re1 O-O 10. Nbd2 Ne7 11. Nf1 Ng6 12. Ng3 b5 13. a3 Be6 14. Bxe6 fxe6 15. Be3
Nf4 16. Bxa7 Rxa7 17. Nh2 Qe8 18. Re3 c5 19. Ng4 Qg6 20. Nxf6+ Rxf6 21. Qg4 Qh7
22. Rf1 Raf7 23. h4 Rg6 24. Qd1 h5 25. Qe1 Qh6 26. f3 Rgf6 27. Nh1 g5 28. hxg5
Rg6 29. Kh2 Rxg5 30. g3 Ng6 31. f4 exf4 32. gxf4 Nxf4 33. Rg3 Rxg3 34. Qxg3+
Kh7 35. Qf3 e5 36. Ng3 Qf6 37. Nf5 Rf8 38. Rg1 Rg8 39. Rxg8 Kxg8 40. Qg3+ Kf7
41. d4 cxd4 42. cxd4 d5 43. dxe5 Qxe5 44. Nh6+ Ke7 45. Qh4+ Ke8 46. Qd8+ Kxd8
47. Nf7+ Ke7 48. Nxe5 Ke6 49. Nc6 dxe4 50. Nb4 Ke5 51. Nc2 Nd3 52. Kg3 Nxb2 53.
Kh4 Nc4 54. Kxh5 e3 55. Kg4 Ke4 56. Kg3 a5 57. Kg2 Kd3 58. Ne1+ Ke2 59. Nc2 Kd2
0-1

[Event "Mistrovstvi CR senioru 2016 nad 60 let"]
[Site "Pelclovo divadlo Rychnov nad K"]
[Date "2016.08.27"]
[Round "8.1"]
[White "Vorobyov, Yrij"]
[Black "Pribyl, Josef"]
[Result "1/2-1/2"]
[WhiteElo "2160"]
[BlackElo "2266"]
[PlyCount "0"]
[EventDate "2016.08.20"]
[PlyCount "23"]

1. e4 g6 2. d4 Bg7 3. Nf3 d6 4. h3 Nf6 5. Nc3 c6 6. Be3 O-O 7. a4 Nbd7 8. Be2
e5 9. dxe5 dxe5 10. O-O Qe7 11. Nd2 Nc5 12. Bc4 1/2-1/2

[Event "Mistrovstvi CR senioru 2016 nad 60 let"]
[Site "Pelclovo divadlo Rychnov nad K"]
[Date "2016.08.27"]
[Round "8.2"]
[White "Pilar, Miloslav"]
[Black "Juricek, Stanislav"]
[Result "1-0"]
[WhiteElo "2173"]
[BlackElo "2082"]
[PlyCount "71"]
[EventDate "2016.08.20"]

1. Nf3 Nf6 2. g3 g6 3. Bg2 Bg7 4. O-O d6 5. d4 O-O 6. c4 Nc6 7. Nc3 a6 8. b3
Rb8 9. Bb2 Bg4 10. h3 Bxf3 11. Bxf3 Nd7 12. e3 e5 13. dxe5 Ncxe5 14. Bg2 Nc5
15. Rb1 b5 16. cxb5 axb5 17. Ba1 b4 18. Ne2 Ne6 19. Qc2 c5 20. Rbd1 Qe7 21. Nf4
Nc7 22. Rd2 Rb6 23. Nd5 Nxd5 24. Bxd5 Rd8 25. Re2 Nd7 26. Bxg7 Kxg7 27. f4 Re8
28. e4 Nf6 29. Rfe1 Nd7 30. Qd3 f6 31. g4 h5 32. gxh5 g5 33. Rg2 Kh8 34. Qg3
Rbb8 35. Rf1 Rf8 36. h4 1-0

[Event "Mistrovstvi CR senioru 2016 nad 60 let"]
[Site "Pelclovo divadlo Rychnov nad K"]
[Date "2016.08.27"]
[Round "8.3"]
[White "Uhmann, Jan"]
[Black "Mlynek, Petr"]
[Result "1/2-1/2"]
[WhiteElo "2063"]
[BlackElo "2153"]
[PlyCount "123"]
[EventDate "2016.08.20"]

1. d4 d5 2. c4 c6 3. Nc3 e6 4. e4 dxe4 5. Nxe4 Bb4+ 6. Nc3 c5 7. d5 Ne7 8. Qa4+
Bd7 9. Qb3 a5 10. Bd2 O-O 11. Bd3 exd5 12. cxd5 Bf5 13. Bxf5 Nxf5 14. Nge2 Nd4
15. Qd1 Nxe2 16. Nxe2 Qxd5 17. Bxb4 Qxd1+ 18. Kxd1 axb4 19. Kc2 Nc6 20. Rad1
Rfe8 21. Nc1 Nd4+ 22. Kb1 b6 23. Rd2 Re6 24. Rhd1 Rae8 25. Nd3 b3 26. Nf4 Re4
27. g3 Re1 28. axb3 Nxb3 29. Rd8 Rxd1+ 30. Rxd1 Nd4 31. b4 Nb5 32. Rd7 cxb4 33.
Rb7 Nc3+ 34. Kc2 Na4 35. Ra7 Nc5 36. Nd5 h6 37. Re7 b3+ 38. Kc3 Rxe7 39. Nxe7+
Kf8 40. Nd5 Ne4+ 41. Kxb3 Nxf2 42. Nxb6 Ng4 43. h4 Ne3 44. Kc3 Nf5 45. g4 Nxh4
46. Kd4 f5 47. gxf5 Nxf5+ 48. Ke5 Ne3 49. Kf4 Nc2 50. Nc4 Kf7 51. Kf5 g6+ 52.
Ke5 h5 53. Nd6+ Kg7 54. Kf4 Nd4 55. Ke4 Ne6 56. Ke5 Nf8 57. Kf4 Nh7 58. Ne4 Kh6
59. Nd6 h4 60. Kg4 g5 61. Ne4 Kg6 62. Nxg5 1/2-1/2

[Event "Mistrovstvi CR senioru 2016 nad 60 let"]
[Site "Pelclovo divadlo Rychnov nad K"]
[Date "2016.08.27"]
[Round "8.4"]
[White "Just, Pavel"]
[Black "Jablecnik, Gustav"]
[Result "1/2-1/2"]
[WhiteElo "1971"]
[BlackElo "2108"]
[PlyCount "83"]
[EventDate "2016.08.20"]

1. e4 e5 2. Nf3 Nc6 3. Bb5 a6 4. Bxc6 bxc6 5. O-O d6 6. d4 exd4 7. Nxd4 c5 8.
Ne2 g6 9. Nbc3 Bg7 10. f3 Rb8 11. Rb1 Ne7 12. Bg5 h6 13. Bxe7 Qxe7 14. Nd5 Qd8
15. c3 O-O 16. Ne3 Kh7 17. Qd3 Re8 18. b3 Bb7 19. Rfe1 Qd7 20. Ng3 h5 21. Ngf1
a5 22. a4 Qe6 23. Nd2 Qf6 24. Rbc1 Bh6 25. Rb1 Qe6 26. Ndf1 c6 27. Qc4 Bg7 28.
Red1 Qe7 29. Qd3 Red8 30. Nc4 Ba6 31. Qc2 Qc7 32. Nce3 Bc8 33. Kh1 Be6 34. f4
f6 35. f5 Bf7 36. c4 Bh6 37. fxg6+ Bxg6 38. Nf5 Bxf5 39. exf5 d5 40. Qe2 Qf7
41. h3 d4 42. Qf3 1/2-1/2

[Event "Mistrovstvi CR senioru 2016 nad 60 let"]
[Site "Pelclovo divadlo Rychnov nad K"]
[Date "2016.08.27"]
[Round "8.5"]
[White "Novotny, Josef"]
[Black "Salac, Jiri"]
[Result "1-0"]
[WhiteElo "2078"]
[BlackElo "2102"]
[PlyCount "95"]
[EventDate "2016.08.20"]

1. e3 d5 2. d3 e5 3. Nc3 Nf6 4. g3 Bg4 5. f3 Be6 6. Nh3 h6 7. Bg2 Bd6 8. O-O c6
9. Nf2 O-O 10. Ne2 Qb6 11. g4 Qc7 12. h4 Nh7 13. e4 Be7 14. h5 Bg5 15. Nh3 Bxc1
16. Qxc1 Qe7 17. Ng3 Ng5 18. Nf2 Qc7 19. Nd1 Nd7 20. Ne3 Rac8 21. Qd2 d4 22.
Nef5 Nf6 23. f4 exf4 24. Rxf4 c5 25. Re1 Rfe8 26. c3 Qe5 27. cxd4 cxd4 28. Qf2
Nd7 29. Nxd4 Nc5 30. Qe3 Red8 31. Nge2 Rd7 32. b4 Na4 33. Nxe6 Qxe6 34. Qxa7
Qxa2 35. Rf2 Qb3 36. Nf4 Qxb4 37. Nd5 Qb5 38. Ra1 Nc5 39. Nb6 Nxd3 40. Nxc8
Nxf2 41. Qxf2 Qe5 42. Re1 Qc3 43. Nb6 Rd2 44. Nd5 Qb2 45. Qg3 b5 46. Kh1 b4 47.
Qb8+ Kh7 48. Ne7 1-0

[Event "Mistrovstvi CR senioru 2016 nad 60 let"]
[Site "Pelclovo divadlo Rychnov nad K"]
[Date "2016.08.27"]
[Round "8.6"]
[White "Pospisil, Evzen"]
[Black "Briza, Jiri"]
[Result "0-1"]
[WhiteElo "2097"]
[BlackElo "1904"]
[PlyCount "98"]
[EventDate "2016.08.20"]

1. d4 d5 2. Nf3 Nf6 3. g3 Bf5 4. Bg2 e6 5. O-O Bd6 6. c4 c6 7. Nc3 O-O 8. Nh4
Bg6 9. Nxg6 hxg6 10. Bg5 Be7 11. Qb3 Qb6 12. Qxb6 axb6 13. b3 Re8 14. f3 dxc4
15. bxc4 Ra3 16. Rfc1 Bb4 17. Bd2 Rd8 18. e3 e5 19. dxe5 Rd3 20. exf6 Nd7 21.
Bf1 Bxc3 22. Bxc3 Rdxc3 23. Rxc3 Rxc3 24. Rd1 Ne5 25. Rd8+ Kh7 26. fxg7 Kxg7
27. f4 Ng4 28. h3 Nxe3 29. Rd3 Rxd3 30. Bxd3 Nd1 31. Kf1 f6 32. Ke2 Nc3+ 33.
Kd2 Nxa2 34. Be2 Nb4 35. h4 f5 36. h5 gxh5 37. Bxh5 Kf6 38. g4 fxg4 39. Bxg4
Na6 40. Bc8 Nc5 41. Ke3 Ke7 42. Kd4 Nb3+ 43. Kc3 Nc5 44. Kd4 Kd6 45. f5 Kc7 46.
Bxb7 Kxb7 47. Ke5 Kc7 48. f6 Nd7+ 49. Ke6 Nxf6 0-1

[Event "Mistrovstvi CR senioru 2016 nad 60 let"]
[Site "Pelclovo divadlo Rychnov nad K"]
[Date "2016.08.27"]
[Round "8.7"]
[White "Drabek, Miloslav"]
[Black "Trojan, Lubos"]
[Result "1-0"]
[WhiteElo "2078"]
[BlackElo "1989"]
[PlyCount "97"]
[EventDate "2016.08.20"]

1. d4 d5 2. Nf3 c6 3. Nbd2 Bf5 4. c4 e6 5. g3 h6 6. Bg2 Nf6 7. O-O Nbd7 8. Re1
Be7 9. b3 g5 10. Bb2 Ne4 11. a3 Qb6 12. cxd5 cxd5 13. Rc1 g4 14. Nh4 Bxh4 15.
Nxe4 Be7 16. Nc5 Bg5 17. e3 Nf6 18. b4 O-O 19. f3 h5 20. Qe2 Rfe8 21. Kh1 a5
22. Bc3 axb4 23. Bxb4 Qa7 24. Nd3 Bxd3 25. Qxd3 Rac8 26. f4 Bh6 27. Rc2 Rxc2
28. Qxc2 Bf8 29. Qc7 Bxb4 30. axb4 Qa6 31. Qe5 Nh7 32. Qxh5 Rc8 33. Qxg4+ Kf8
34. f5 Nf6 35. Qg5 Ke7 36. fxe6 Qxe6 37. Rf1 Rg8 38. Qe5 Rg6 39. Qxe6+ fxe6 40.
Bf3 Rg8 41. Rc1 Kd6 42. Kg2 Ra8 43. g4 Ra2+ 44. Kg3 Rb2 45. g5 Nd7 46. h4 Rxb4
47. h5 Nf8 48. g6 Nd7 49. h6 1-0

[Event "Mistrovstvi CR senioru 2016 nad 60 let"]
[Site "Pelclovo divadlo Rychnov nad K"]
[Date "2016.08.27"]
[Round "8.8"]
[White "Lorenc, Oldrich"]
[Black "Kohout, Jan"]
[Result "1-0"]
[WhiteElo "2063"]
[BlackElo "1963"]
[PlyCount "71"]
[EventDate "2016.08.20"]

1. e4 c5 2. Nf3 d6 3. c3 Nf6 4. Bc4 Nc6 5. Qe2 Qc7 6. h3 e6 7. O-O Be7 8. d4
cxd4 9. cxd4 d5 10. exd5 exd5 11. Bb3 O-O 12. Nc3 Be6 13. Bg5 Rfd8 14. Rac1
Rac8 15. Rfe1 Qb6 16. Qe3 h6 17. Bh4 Ne8 18. Na4 Qc7 19. Bxe7 Qxe7 20. Nc5 Rd6
21. Qf4 b6 22. Nxe6 fxe6 23. Ne5 Rc7 24. Ba4 Nxe5 25. Qxe5 Rxc1 26. Rxc1 Nf6
27. Rc8+ Kf7 28. g4 a5 29. Bb5 Nd7 30. Qf4+ Nf6 31. h4 g5 32. hxg5 hxg5 33.
Qxg5 Qb7 34. Rh8 Qe7 35. Bd3 Rd7 36. Qg6# 1-0

[Event "Mistrovstvi CR senioru 2016 nad 60 let"]
[Site "Pelclovo divadlo Rychnov nad K"]
[Date "2016.08.27"]
[Round "8.9"]
[White "Rucka, Alois"]
[Black "Ondrejat, Miroslav"]
[Result "0-1"]
[WhiteElo "1927"]
[BlackElo "2028"]
[PlyCount "0"]
[EventDate "2016.08.20"]
[PlyCount "44"]

1. Nf3 c5 2. g3 Nc6 3. Bg2 g6 4. O-O Bg7 5. e4 d6 6. c3 e5 7. d3 Nge7 8. Na3
O-O 9. Nc4 b5 10. Ne3 b4 11. cxb4 Nxb4 12. a3 Nbc6 13. Bd2 Rb8 14. Rb1 f5 15.
Qc2 fxe4 16. dxe4 Ba6 17. Rfd1 Rxf3 18. b4 Nd4 19. Qa2+ Rf7 20. bxc5 Rxb1 21.
Rxb1 dxc5 22. Bc3 Ne2+ 0-1

[Event "Mistrovstvi CR senioru 2016 nad 60 let"]
[Site "Pelclovo divadlo Rychnov nad K"]
[Date "2016.08.27"]
[Round "8.10"]
[White "Sobotnik, Petr"]
[Black "Pavlis, Jaromir"]
[Result "1-0"]
[WhiteElo "1947"]
[BlackElo "1903"]
[PlyCount "61"]
[EventDate "2016.08.20"]

1. c4 Nf6 2. Nc3 d5 3. cxd5 Nxd5 4. g3 c6 5. Nf3 g6 6. Bg2 Bg7 7. O-O O-O 8. d4
Nd7 9. e4 Nxc3 10. bxc3 Nb6 11. Be3 Nc4 12. Bf4 b6 13. Re1 Bb7 14. Bf1 Na5 15.
Rc1 e6 16. Qd2 Re8 17. Bh6 e5 18. Bxg7 Kxg7 19. Rcd1 exd4 20. cxd4 Qf6 21. Ne5
Qe6 22. h3 h5 23. f4 Rh8 24. f5 gxf5 25. Qg5+ Kf8 26. exf5 Qd6 27. f6 Rh7 28.
Bd3 Qxd4+ 29. Kf1 Qd5 30. Bxh7 Qh1+ 31. Kf2 1-0

[Event "Mistrovstvi CR senioru 2016 nad 60 let"]
[Site "Pelclovo divadlo Rychnov nad K"]
[Date "2016.08.27"]
[Round "8.11"]
[White "Hlavac, Frantisek"]
[Black "Sedlacek, Jan"]
[Result "1/2-1/2"]
[WhiteElo "1989"]
[BlackElo "1839"]
[PlyCount "0"]
[EventDate "2016.08.20"]
[PlyCount "31"]

1. e4 c5 2. Nc3 Nc6 3. g3 g6 4. Bg2 Bg7 5. d3 e6 6. Be3 Nd4 7. Qd2 Ne7 8. Rc1
O-O 9. Nd1 d6 10. c3 Ndc6 11. Bh6 Qa5 12. h4 f5 13. h5 Ne5 14. Bxg7 Kxg7 15.
hxg6 N7xg6 16. a3 1/2-1/2

[Event "Mistrovstvi CR senioru 2016 nad 60 let"]
[Site "Pelclovo divadlo Rychnov nad K"]
[Date "2016.08.27"]
[Round "8.12"]
[White "Kolek, Josef"]
[Black "Dolezal, Radoslav"]
[Result "0-1"]
[WhiteElo "1796"]
[BlackElo "1974"]
[PlyCount "0"]
[EventDate "2016.08.20"]
[PlyCount "118"]

1. c4 e5 2. g3 Nf6 3. Bg2 d5 4. cxd5 Nxd5 5. Nc3 Nxc3 6. bxc3 Bd6 7. Nf3 O-O 8.
O-O Nd7 9. e3 c6 10. d4 Qc7 11. Bb2 b6 12. Nd2 Ba6 13. Re1 Rad8 14. Qa4 Bb5 15.
Qb3 Bd3 16. c4 Bg6 17. Rac1 exd4 18. exd4 c5 19. Ne4 Rfe8 20. Nxd6 Qxd6 21.
Red1 cxd4 22. Bxd4 Nc5 23. Qf3 Qc7 24. Qc6 Rc8 25. Qxc7 Rxc7 26. Be3 Bf5 27.
Bd5 Be6 28. Bf4 Rcc8 29. Bd6 f6 30. Bxc5 Rxc5 31. Re1 Kf7 32. Bxe6+ Rxe6 33.
Red1 Ke7 34. Rd5 Rxd5 35. cxd5 Rd6 36. Re1+ Kd7 37. Rd1 b5 38. Kf1 Ra6 39. Rd2
Kd6 40. Rb2 Rb6 41. Rd2 b4 42. Ke2 Rb5 43. Rc2 Rxd5 44. Rc8 Rc5 45. Rb8 a5 46.
Kd2 h5 47. h4 g5 48. hxg5 fxg5 49. Rh8 g4 50. Rh6+ Kc7 51. Rf6 Kb7 52. Re6 a4
53. Re4 Rb5 54. Kd3 b3 55. axb3 axb3 56. Re1 b2 57. Rb1 Kc6 58. Kd4 Kd6 59. Kc4
Rb8 0-1

[Event "Mistrovstvi CR senioru 2016 nad 60 let"]
[Site "Pelclovo divadlo Rychnov nad K"]
[Date "2016.08.27"]
[Round "8.13"]
[White "Sibl, Vaclav"]
[Black "Lexa, Vaclav"]
[Result "1/2-1/2"]
[WhiteElo "1944"]
[BlackElo "1860"]
[PlyCount "0"]
[EventDate "2016.08.20"]
[PlyCount "40"]

1. d4 d5 2. Nf3 Nf6 3. c4 e6 4. g3 b6 5. Bg2 Bb7 6. O-O Be7 7. Nc3 Nbd7 8. Qa4
O-O 9. Rd1 c5 10. cxd5 exd5 11. e3 a6 12. Qc2 Qc7 13. Bd2 Rfe8 14. Rac1 c4 15.
a4 Bb4 16. Ng5 Bxc3 17. Bxc3 h6 18. Nh3 b5 19. axb5 axb5 20. Bb4 Ra4 1/2-1/2

[Event "Mistrovstvi CR senioru 2016 nad 60 let"]
[Site "Pelclovo divadlo Rychnov nad K"]
[Date "2016.08.27"]
[Round "8.14"]
[White "Sveda, Jiri"]
[Black "Pittermann, Jan"]
[Result "1-0"]
[WhiteElo "1930"]
[BlackElo "1825"]
[PlyCount "137"]
[EventDate "2016.08.20"]

1. e4 e5 2. Bc4 Nc6 3. c3 Nf6 4. d3 Be7 5. Bb3 O-O 6. Nf3 d5 7. Qe2 Bg4 8. h3
Bxf3 9. Qxf3 dxe4 10. dxe4 Na5 11. Bc2 c5 12. Bg5 Qc7 13. O-O Rad8 14. Re1 Rd6
15. Nd2 b6 16. Nf1 Ne8 17. Bxe7 Qxe7 18. Ne3 g6 19. Nd5 Qd8 20. Rad1 Kg7 21.
Qg3 f6 22. Ne3 Kh8 23. Qg4 Rf7 24. Rxd6 Nxd6 25. Rd1 Qf8 26. Qe6 Nab7 27. Nd5
Kg7 28. h4 c4 29. f3 Qc8 30. Qxc8 Nxc8 31. Ne3 Ncd6 32. Nd5 h6 33. Kf2 h5 34.
b3 b5 35. bxc4 Nxc4 36. Nb4 a5 37. Nd5 a4 38. Ke2 Nbd6 39. Rg1 f5 40. Bd3 f4
41. Rb1 a3 42. Rb3 Rd7 43. Bxc4 Nxc4 44. Rxb5 Nb2 45. Rc5 Na4 46. Rc4 Nb2 47.
Rc7 Rxc7 48. Nxc7 Kf6 49. Nd5+ Ke6 50. Nb4 Nc4 51. Nd5 Nb2 52. Kd2 Kd6 53. Ke2
Ke6 54. Kf2 Nd3+ 55. Kf1 Kd6 56. Nb4 Nxb4 57. cxb4 Kc6 58. g3 Kb5 59. gxf4 exf4
60. e5 Kc6 61. Ke2 Kd5 62. b5 Kxe5 63. b6 Kd6 64. b7 Kc7 65. b8=Q+ Kxb8 66. Kd3
Kc7 67. Ke4 g5 68. hxg5 h4 69. Kxf4 1-0

[Event "Mistrovstvi CR senioru 2016 nad 60 let"]
[Site "Pelclovo divadlo Rychnov nad K"]
[Date "2016.08.27"]
[Round "8.15"]
[White "Koci, Ladislav"]
[Black "Wiedermann, Jan"]
[Result "1/2-1/2"]
[WhiteElo "1862"]
[BlackElo "1779"]
[PlyCount "0"]
[EventDate "2016.08.20"]
[PlyCount "26"]

1. d4 d5 2. Nf3 Nf6 3. c4 e6 4. g3 Nc6 5. Bg2 dxc4 6. Qa4 Be7 7. Ne5 O-O 8.
Nxc6 bxc6 9. Qxc4 Nd5 10. O-O a5 11. Rd1 Ba6 12. Qxc6 Bxe2 13. Re1 Bd3 1/2-1/2

[Event "Mistrovstvi CR senioru 2016 nad 60 let"]
[Site "Pelclovo divadlo Rychnov nad K"]
[Date "2016.08.27"]
[Round "8.16"]
[White "Zboril, Jaroslav"]
[Black "Franc, Lubor"]
[Result "1/2-1/2"]
[WhiteElo "1980"]
[BlackElo "1843"]
[PlyCount "46"]
[EventDate "2016.08.20"]

1. Nf3 d5 2. d4 c6 3. e3 Nf6 4. c4 g6 5. Nc3 Bg7 6. Bd3 O-O 7. h3 e6 8. O-O
dxc4 9. Bxc4 Nd5 10. e4 Nxc3 11. bxc3 c5 12. Ba3 b6 13. dxc5 Qe7 14. Qd6 Qxd6
15. cxd6 Bb7 16. Ng5 Nd7 17. Nxe6 fxe6 18. Bxe6+ Rf7 19. Rae1 Kf8 20. Bxf7 Kxf7
21. Re3 Rc8 22. Rd1 Ke6 23. f4 Bxc3 1/2-1/2

[Event "Mistrovstvi CR senioru 2016 nad 60 let"]
[Site "Pelclovo divadlo Rychnov nad K"]
[Date "2016.08.27"]
[Round "8.17"]
[White "Dvorak, Eduard"]
[Black "Vlachopulos, Georgis"]
[Result "0-1"]
[WhiteElo "1727"]
[BlackElo "1908"]
[PlyCount "0"]
[EventDate "2016.08.20"]
[PlyCount "54"]

1. e4 c5 2. Nc3 Nc6 3. d3 e6 4. g3 Nf6 5. Bg2 d5 6. f4 h5 7. e5 Ng8 8. Nf3 Nge7
9. Nh4 Nd4 10. Ne2 Nef5 11. Nxf5 Nxf5 12. Bd2 Bd7 13. c4 Bc6 14. Nc3 Qd7 15.
Qe2 Nd4 16. Qd1 dxc4 17. Ne4 cxd3 18. O-O b6 19. Rc1 Qb7 20. Nf6+ gxf6 21.
Bxc6+ Qxc6 22. Rc4 Ne2+ 23. Kf2 b5 24. Rc1 f5 25. Ba5 Nxc1 26. Qxc1 h4 27. g4
fxg4 0-1

[Event "Mistrovstvi CR senioru 2016 nad 60 let"]
[Site "Pelclovo divadlo Rychnov nad K"]
[Date "2016.08.27"]
[Round "8.18"]
[White "Jirasek, Jiri"]
[Black "Perik, Alois"]
[Result "1/2-1/2"]
[WhiteElo "1899"]
[BlackElo "1829"]
[PlyCount "74"]
[EventDate "2016.08.20"]

1. d4 d5 2. c4 e6 3. Nc3 Nf6 4. Nf3 a6 5. e3 dxc4 6. Bxc4 b5 7. Bd3 Bb7 8. O-O
Be7 9. Qe2 O-O 10. Rd1 Nbd7 11. e4 Re8 12. e5 Nd5 13. Ne4 Nf8 14. g3 Rc8 15. h4
c5 16. dxc5 Bxc5 17. Nfg5 Qe7 18. Nxc5 Rxc5 19. Ne4 Rc7 20. Nd6 Rd8 21. Nxb7
Rxb7 22. Bd2 Rdd7 23. Rac1 Rbc7 24. Ba5 Rxc1 25. Rxc1 Rb7 26. Rc8 g6 27. Be4
Kg7 28. a3 Qd7 29. Qc2 Ra7 30. Rd8 Qb7 31. Qc5 Nd7 32. Qd6 h5 33. Kh2 Kh7 34.
f3 Kg7 35. Kh3 b4 36. Bxb4 Qb5 37. Bxd5 Qf1+ 1/2-1/2

[Event "Mistrovstvi CR senioru 2016 nad 60 let"]
[Site "Pelclovo divadlo Rychnov nad K"]
[Date "2016.08.27"]
[Round "8.19"]
[White "Portych, Vaclav"]
[Black "Innemann, Frantisek"]
[Result "0-1"]
[WhiteElo "1822"]
[BlackElo "1887"]
[PlyCount "120"]
[EventDate "2016.08.20"]

1. c4 e6 2. Nc3 d5 3. cxd5 exd5 4. Nf3 Nf6 5. g3 Be7 6. Bg2 O-O 7. d4 Nbd7 8.
O-O c6 9. b3 Re8 10. Bg5 Ne4 11. Bxe7 Qxe7 12. Nb1 h6 13. e3 Nf8 14. Nfd2 f5
15. Nxe4 fxe4 16. Nc3 Qg5 17. h3 Nh7 18. Ne2 Rf8 19. Nf4 Qf5 20. h4 Qg4 21.
Qxg4 Bxg4 22. Ng6 Rf6 23. Ne5 h5 24. Rac1 Nf8 25. Rc2 Rd8 26. Rb1 Nd7 27. Nxd7
Rxd7 28. Rf1 Rdf7 29. Rd2 Kh7 30. Kh2 Kh6 31. Bh3 Bf3 32. Rg1 g5 33. Bg2 gxh4
34. gxh4 Rg7 35. Bxf3 Rxg1 36. Kxg1 Rxf3 37. Kg2 Kg6 38. Rd1 Kf5 39. Rh1 Kg4
40. Rh2 a5 41. a3 Rf8 42. Rh1 Ra8 43. Kf1 Ra6 44. Kg2 Rb6 45. Rb1 Kxh4 46. f3
exf3+ 47. Kxf3 Kg5 48. e4 dxe4+ 49. Kxe4 Rb5 50. Rg1+ Kf6 51. Rf1+ Kg6 52. Rf3
h4 53. a4 Rb4 54. Ke5 Kg5 55. Rd3 Kg4 56. Kd6 h3 57. Kc5 h2 58. Rd1 Rxb3 59. d5
cxd5 60. Kxd5 Rd3+ 0-1

[Event "Mistrovstvi CR senioru 2016 nad 60 let"]
[Site "Pelclovo divadlo Rychnov nad K"]
[Date "2016.08.27"]
[Round "8.20"]
[White "Tsapanidis, Vasilis"]
[Black "Divis, Libor"]
[Result "0-1"]
[WhiteElo "1817"]
[BlackElo "1880"]
[PlyCount "135"]
[EventDate "2016.08.20"]

1. Nf3 d6 2. d4 Nd7 3. e3 c6 4. Bd3 Ngf6 5. Nbd2 e5 6. O-O Qc7 7. b3 d5 8. e4
Bd6 9. exd5 cxd5 10. dxe5 Nxe5 11. Bb5+ Bd7 12. Bxd7+ Kxd7 13. Bb2 Rae8 14.
Nxe5+ Bxe5 15. Bxe5 Rxe5 16. Nf3 Re7 17. c4 Rd8 18. cxd5 Ke8 19. Rc1 Qb6 20.
Re1 Nxd5 21. Rxe7+ Nxe7 22. Qc2 g6 23. Qc3 f6 24. h3 Qd6 25. Qc7 Rd7 26. Qxd6
Rxd6 27. Rc7 Rb6 28. Nd2 Kd8 29. Rc2 Nc6 30. Nc4 Ra6 31. Nd6 Na5 32. Rd2 Ke7
33. Nb5 Nc6 34. Nd6 Nb4 35. Nc8+ Ke6 36. a4 Nd5 37. g3 Ra5 38. Kg2 a6 39. f4
Rc5 40. Na7 Rc3 41. Rb2 Rc7 42. Re2+ Kd7 43. Rd2 Kd6 44. a5 Kc5 45. Kf3 Re7 46.
Nc8 Re3+ 47. Kf2 Rxb3 48. Rc2+ Nc3 49. Nb6 Kb5 50. Nd7 Ne4+ 51. Kg2 Rxg3+ 52.
Kh2 Rd3 53. Nf8 Rd2+ 54. Rxd2 Nxd2 55. Nxh7 b6 56. axb6 Kxb6 57. Nxf6 Kc5 58.
Nd7+ Kd4 59. Ne5 Nc4 60. Nxg6 a5 61. f5 a4 62. f6 Nd6 63. Nf4 Kc3 64. Nd5+ Kb3
65. Nc7 a3 66. Nb5 a2 67. Nxd6 a1=Q 68. f7 0-1

[Event "Mistrovstvi CR senioru 2016 nad 70 let"]
[Site "Pelclovo divadlo Rychnov nad K"]
[Date "2016.08.27"]
[Round "8.1"]
[White "Jacek, Miloslav"]
[Black "Chmelik, Jiri"]
[Result "0-1"]
[WhiteElo "1977"]
[BlackElo "2013"]
[PlyCount "96"]
[EventDate "2016.08.20"]

1. d4 Nf6 2. Nf3 e6 3. c4 b6 4. a3 Bb7 5. Nc3 d5 6. cxd5 Nxd5 7. Qc2 Be7 8. Bd2
O-O 9. e4 Nxc3 10. Bxc3 Nd7 11. Bd3 c5 12. Qe2 cxd4 13. Bxd4 Qc7 14. O-O Rac8
15. b4 Rfd8 16. Rfd1 Nf8 17. Qb2 f6 18. Rac1 Qf4 19. Rxc8 Rxc8 20. Be3 Qc7 21.
Nd4 Bd6 22. g3 Be5 23. Qb3 Qc3 24. Qxc3 Rxc3 25. Nb5 Rb3 26. Bc4 Rb2 27. Nxa7
Bxe4 28. Bxb6 Bf3 29. Rc1 Kf7 30. Bf1 Ra2 31. Nb5 Nd7 32. Bd4 g5 33. Bxe5 Nxe5
34. Nd4 Bd5 35. Bg2 Bxg2 36. Kxg2 Nd3 37. Rc7+ Kg6 38. Rc3 Nxf2 39. Rc2 Rxc2
40. Nxc2 Nd3 41. b5 Nc5 42. b6 Kf7 43. a4 Ke7 44. a5 Na6 45. Nb4 Nxb4 46. Kf3
Kd6 47. Ke4 f5+ 48. Kd4 Nc6+ 0-1

[Event "Mistrovstvi CR senioru 2016 nad 70 let"]
[Site "Pelclovo divadlo Rychnov nad K"]
[Date "2016.08.27"]
[Round "8.2"]
[White "Pecka, Frantisek"]
[Black "Mesiarik, Rudolf"]
[Result "0-1"]
[WhiteElo "2057"]
[BlackElo "2092"]
[PlyCount "76"]
[EventDate "2016.08.20"]

1. e4 c5 2. Nf3 Nc6 3. d4 cxd4 4. Nxd4 e5 5. Nb3 Nf6 6. Bd3 d5 7. exd5 Qxd5 8.
Qe2 Bg4 9. Bc4 Qd6 10. Qe3 Qb4+ 11. N3d2 Bc5 12. Qg5 O-O 13. c3 Qb6 14. O-O h6
15. Qh4 Rad8 16. Nb3 Be7 17. Be3 Qc7 18. Qg3 Qc8 19. f3 Bf5 20. Qf2 Be6 21.
Bxe6 Qxe6 22. Bxa7 e4 23. Re1 Nxa7 24. Qxa7 Qc6 25. Qe3 Rd3 26. Qe2 Bc5+ 27.
Nxc5 Qxc5+ 28. Qf2 e3 29. Qe2 Rfd8 30. Na3 Qd5 31. Rac1 Qxa2 32. Nc2 Rd2 33.
Qf1 e2 34. Rxe2 Rxe2 35. Qxe2 Qxb2 36. Qe1 Re8 37. Qd2 Nd5 38. Re1 Rxe1+ 0-1

[Event "Mistrovstvi CR senioru 2016 nad 70 let"]
[Site "Pelclovo divadlo Rychnov nad K"]
[Date "2016.08.27"]
[Round "8.3"]
[White "Most, Zdenek"]
[Black "Holecek, Vladimir"]
[Result "1/2-1/2"]
[WhiteElo "2038"]
[BlackElo "1921"]
[PlyCount "94"]
[EventDate "2016.08.20"]

1. d4 d5 2. Nf3 Nf6 3. g3 c5 4. Bg2 Nc6 5. O-O e6 6. c4 cxd4 7. Nxd4 Qb6 8.
Nxc6 bxc6 9. cxd5 cxd5 10. Nc3 Be7 11. e4 dxe4 12. Nxe4 Nd5 13. Nc3 Nxc3 14.
bxc3 Bb7 15. Qa4+ Kf8 16. Be3 Qc7 17. Bxb7 Qxb7 18. Rab1 Qc7 19. Rb3 Bc5 20.
Qc4 Bb6 21. Qb4+ Ke8 22. Bxb6 axb6 23. a4 Qc6 24. Ra1 Ra5 25. Qxb6 Qxb6 26.
Rxb6 Ke7 27. Rb7+ Kf6 28. Rb4 Rc8 29. c4 Rca8 30. Ra3 R8a7 31. Kf1 Ke7 32. Ke2
Kd6 33. Kd3 Kc6 34. Kc3 Rf5 35. f4 Rfa5 36. Ra1 e5 37. fxe5 Rxe5 38. Rd1 Re2
39. Rd2 Ree7 40. Rd3 Re2 41. h4 Re1 42. Rf3 f5 43. Rxf5 Re3+ 44. Kd4 Rxg3 45.
Rf4 Rd7+ 46. Ke4 Re7+ 47. Kd4 Rd7+ 1/2-1/2

[Event "Mistrovstvi CR senioru 2016 nad 70 let"]
[Site "Pelclovo divadlo Rychnov nad K"]
[Date "2016.08.27"]
[Round "8.4"]
[White "Pavlu, Jiri"]
[Black "Macura, Emil"]
[Result "1/2-1/2"]
[WhiteElo "1850"]
[BlackElo "1985"]
[PlyCount "0"]
[EventDate "2016.08.20"]
[PlyCount "25"]

1. d4 Nf6 2. c4 e6 3. Nc3 d5 4. e3 Be7 5. Nf3 O-O 6. Bd3 dxc4 7. Bxc4 c5 8. O-O
cxd4 9. Nxd4 e5 10. Nf3 Qc7 11. Qb3 Nbd7 12. Bxf7+ Kh8 13. Nd5 1/2-1/2

[Event "Mistrovstvi CR senioru 2016 nad 70 let"]
[Site "Pelclovo divadlo Rychnov nad K"]
[Date "2016.08.27"]
[Round "8.5"]
[White "Fiser, Jiri"]
[Black "Truksa, Vaclav"]
[Result "1-0"]
[WhiteElo "1952"]
[BlackElo "1883"]
[PlyCount "91"]
[EventDate "2016.08.20"]

1. e4 c5 2. Nf3 d6 3. Bb5+ Bd7 4. Bxd7+ Qxd7 5. O-O Nc6 6. c3 Nf6 7. Re1 g6 8.
d4 Bg7 9. a4 O-O 10. Nbd2 cxd4 11. cxd4 e5 12. d5 Nb4 13. Nc4 Rac8 14. b3 Na6
15. h3 Ne8 16. Be3 Nc5 17. Nfd2 f5 18. f3 Nf6 19. Qc2 b6 20. b4 Nb7 21. Qb3 Kh8
22. Reb1 Rc7 23. Rc1 Rfc8 24. Rc2 Qd8 25. Rac1 h6 26. Na3 Rxc2 27. Rxc2 fxe4
28. fxe4 Ne8 29. Rc6 Ra8 30. Qc2 Qh4 31. Bf2 Qe7 32. Nb5 Nd8 33. Rc8 Rxc8 34.
Qxc8 Bf6 35. Qa6 Bh4 36. g3 Qg5 37. Nf3 Qc1+ 38. Kg2 Bg5 39. Qxa7 Qc2 40. Qxb6
Qxe4 41. Nxd6 Nxd6 42. Qxd6 Kg7 43. Qxe5+ Qxe5 44. Nxe5 Nb7 45. a5 Be7 46. a6
1-0